Catálogo

The political economy of human happiness : (Registro nro. 67267)

Detalles MARC
000 -LEADER
fixed length control field 00898nam a2200265 u 4500
001 - CONTROL NUMBER
control field 67267
005 - DATE AND TIME OF LATEST TRANSACTION
control field 20191007111059.0
008 - FIXED-LENGTH DATA ELEMENTS--GENERAL INFORMATION
fixed length control field 170503s2013 xxu r 000 0 eng d
020 ## - INTERNATIONAL STANDARD BOOK NUMBER
International Standard Book Number 9781107644427
040 ## - CATALOGING SOURCE
Description conventions rda
041 0# - LANGUAGE CODE
Language code of text/sound track or separate title eng
082 0# - DEWEY DECIMAL CLASSIFICATION NUMBER
Classification number 302.13072
Item number RAD
100 1# - MAIN ENTRY--PERSONAL NAME
Personal name Radcliff, Benjamin,
Dates associated with a name 1963-
Relator term autor
9 (RLIN) 4309
245 14 - TITLE STATEMENT
Title The political economy of human happiness :
Remainder of title how voters choice determine the quality of life /
Statement of responsibility, etc. Benjamin Radcliff.
250 ## - EDITION STATEMENT
Edition statement First edition
264 #1 - PRODUCTION, PUBLICATION, DISTRIBUTION, MANUFACTURE, AND COPYRIGHT NOTICE
Place of production, publication, distribution, manufacture United States of America :
Name of producer, publisher, distributor, manufacturer Cambridge University Press,
Date of production, publication, distribution, manufacture, or copyright notice 2013
300 ## - PHYSICAL DESCRIPTION
Extent viii, 205 páginas ;
Dimensions 24 cm.
336 ## - CONTENT TYPE
Content type term texto
Source rdacontent
Content type code txt
337 ## - MEDIA TYPE
Media type term sin medio
Source rdamedia
Media type code n
338 ## - CARRIER TYPE
Carrier type term volumen
Source rdacarrier
Carrier type code nc
650 #4 - SUBJECT ADDED ENTRY--TOPICAL TERM
Topical term or geographic name entry element Elección social
650 #4 - SUBJECT ADDED ENTRY--TOPICAL TERM
Topical term or geographic name entry element Calidad de vida
650 #4 - SUBJECT ADDED ENTRY--TOPICAL TERM
Topical term or geographic name entry element Derechas e izquierdas (Ciencias políticas)
942 ## - ADDED ENTRY ELEMENTS (KOHA)
Classification part 302.13072
Item part RAD
Koha item type Libro
Existencias
Withdrawn status Lost status Source of classification or shelving scheme Damaged status Not for loan Collection code Home library Current library Shelving location Date acquired Source of acquisition Total Checkouts Full call number Barcode Checked out Date last seen Date last checked out Price effective from Koha item type
    Dewey Decimal Classification     Magisterial Biblioteca Karol Wojtyla Biblioteca Karol Wojtyla Módulo de circulación 03/05/2017 Compra 1 302.13072 RAD 2013 97620 17/05/2017 17/05/2017 17/05/2017 14/06/2017 Magisterial